| 000 | 01048nam a2200241 i 4500 | ||
|---|---|---|---|
| 001 | 187060 | ||
| 003 | ES-MaACL | ||
| 005 | 20230906222816.0 | ||
| 008 | 170407s1997 sp |||| | spa d | ||
| 020 | _a84-88973-43-8 | ||
| 080 | _a347.235.11(460) | ||
| 080 | _a332.2(460) | ||
| 100 | 1 |
_aPoveda Bernal, Margarita Isabel. _9162316 |
|
| 245 | 1 | 3 |
_aLa inscripción del derecho de arrendamiento en el Registro de la Propiedad / _cMargarita Isabel Póveda Bernal ; prólogo de José María de la Cuesta Sáenz. |
| 260 |
_a[Madrid] : _bColegio de Registradores de la Propiedad y Mercantiles de España, Centro de Estudios Registrales, _c[1997] |
||
| 300 |
_a548 p. ; _c23 cm. |
||
| 504 | _aBibliografía: p. 511-544. | ||
| 650 | 4 |
_aRegistro de la propiedad- _zEspaña. _916759 |
|
| 650 | 4 |
_aPropiedad inmobiliaria- _zEspaña. _916487 |
|
| 700 | 1 |
_aCuesta Sáenz, José María de la. _9162317 |
|
| 710 | 2 |
_aColegio de Registradores de la Propiedad y Mercantiles de España. _bCentro de Estudios Registrales. _9162314 |
|
| 852 |
_aES-MaACL _jL-31382 |
||
| 999 |
_c187060 _d187060 |
||